GMO Crops - Statistics

General Stats
  • This quiz has been taken 38 times
  • The average score is 4 of 10
Answer Stats
Answer % Correct
Corn
91%
Soybeans
75%
Arctic Apples
66%
Innate Potato
59%
Canola
47%
Cotton
44%
Alfalfa
19%
Squash
16%
Papaya
13%
Sugar Beets
13%
No matching quizzes found
Score Distribution
Percent of People with Each Score
Percentile by Number Answered
Your Score History
You have not taken this quiz